书目信息 |
| 题名: |
素书
|
|
| 作者: | 黄石公 著 ;李青 译 | |
| 分册: | ||
| 出版信息: | 北京 北京联合出版公司 2019 |
|
| 页数: | 150页 | |
| 开本: | 21cm | |
| 丛书名: | ||
| 单 册: | ||
| 中图分类: | E892.33 | |
| 科图分类: | ||
| 主题词: | 兵法--中国--秦代 | |
| 电子资源: | ||
| ISBN: | 978-7-5502-4333-0 | |
| 000 | 00920nam0 2200277 450 | |
| 001 | 0105141363 | |
| 005 | 20201207155825.0 | |
| 010 | @a978-7-5502-4333-0@dCNY39.80 | |
| 100 | @a20200826d2019 em y0chiy0120 ea | |
| 101 | 0 | @achi |
| 102 | @aCN@b110000 | |
| 105 | @aa z 000yy | |
| 106 | @ar | |
| 200 | 1 | @a素书@9Su Shu @f(西汉)黄石公著@g李青译@b专著 |
| 205 | @a3版 | |
| 210 | @a北京@c北京联合出版公司@d2019 | |
| 215 | @a150页@c图@d21cm | |
| 300 | @a中华国学经典精粹 | |
| 330 | @a本书以道家思想为宗旨,集儒、法、兵的汉族传统思想发挥道的作用及功能,同时以道、德、仁、义、礼为立身治国的根本、揆度宇宙万物自然运化的理数,以此认识事物,对应事物、处理事物的智能之作。 | |
| 605 | @a《素书》@x译文 | |
| 606 | 0 | @a兵法@y中国@z秦代 |
| 690 | @aE892.33@v5 | |
| 701 | 0 | @c(汉)@a黄石公@4著@9huang shi gong |
| 702 | 0 | @a李青@4译@9li qing |
| 801 | 0 | @aCN@bAZmarc@c20230907 |
| 905 | @aBZT@dE892.33@e5=3@f3@sE892.33/5=3 | |
| 素书/(西汉)黄石公著/李青译.-3版.-北京:北京联合出版公司,2019 |
| 150页:图;21cm |
| 中华国学经典精粹 |
| ISBN 978-7-5502-4333-0:CNY39.80 |
| 本书以道家思想为宗旨,集儒、法、兵的汉族传统思想发挥道的作用及功能,同时以道、德、仁、义、礼为立身治国的根本、揆度宇宙万物自然运化的理数,以此认识事物,对应事物、处理事物的智能之作。 |
| ● |
| 相关链接 |
|
|
|
正题名:素书
索取号:E892.33/5=3
 
预约/预借
| 序号 | 登录号 | 条形码 | 馆藏地/架位号 | 状态 | 备注 |
| 1 | 2000155645 | 2000155645 | 旧书回溯/ [索取号:E892.33/5=3] | 在馆 | |
| 2 | 2000156543 | 2000156543 | 旧书回溯/ [索取号:E892.33/5=3] | 在馆 | |
| 3 | 2000156544 | 2000156544 | 旧书回溯/ [索取号:E892.33/5=3] | 在馆 |